Mechanical testing of plastics /
Guardado en:
| Autor Principal: | |
|---|---|
| Formato: | Libro |
| Idioma: | English |
| Publicado: |
London :
Iliffe Books for the Plastics Institute,
1973.
|
| Materias: | |
| Etiquetas: |
Agregar Etiqueta
Sin Etiquetas, Sea el primero en etiquetar este registro!
|
| LEADER | 00673cam a22002055a 4500 | ||
|---|---|---|---|
| 001 | EIQ.libpla001133 | ||
| 008 | 731011s1973####enka#####b####001#0#eng#d | ||
| 005 | 20060808170058.0 | ||
| 245 | 1 | 0 | |a Mechanical testing of plastics / |c [by] S. Turner. |
| 260 | |a London : |b Iliffe Books for the Plastics Institute, |c 1973. | ||
| 300 | |a [7], 180 p. : |b il. ; |c 23 cm. | ||
| 504 | |a Incluye referencias bibliográficas e índice. | ||
| 020 | |a 0592000761 | ||
| 100 | 1 | |a Turner, S. |q (Stanley) | |
| 082 | 0 | 0 | |a 668.4/19 |
| 650 | 0 | |a Plásticos |x Prueba. | |
| 650 | 0 | |a Plastics |x Testing. | |
| 010 | |a 73168481 | ||
| 040 | |a DLC |c DLC |d AR-BbSID | ||
| 859 | |a AR-BbSID |b BIB. PLAPIQUI |h 620.192 3 |i T 851 |p 753 | ||
